| 000 | 00428nam a2200145Ia 4500 | ||
|---|---|---|---|
| 008 | 240729s9999 xx 000 0 und d | ||
| 022 | _a2171-9292 | ||
| 245 | 0 | _aSpanish Journal of Agricultural Research | |
| 260 | _aSpain | ||
| 260 | _bConsejo Superior de Investigaciones CientÃficas (CSIC) | ||
| 650 | _aAgriculture | ||
| 856 | _uhttps://doaj.org/toc/713c43b1025c40319b1152c446c22a30 | ||
| 942 | _2ddc | ||
| 942 | _cDOAJEJ | ||
| 999 |
_c75015 _d75015 |
||
| 945 |
_a1 _bMadushi Gamage _c1 _dMadushi Gamage |
||